Beatles Songs with over 100 Million Spotify Streams - Statistics

General Stats
  • This quiz has been taken 233 times
  • The average score is 29 of 46
Answer Stats
Streams Answer % Correct
555,483,849 Hey Jude
90%
635,241,004 Let It Be
88%
1,180,026,551 Here Comes The Sun
87%
588,373,955 Yesterday
86%
686,413,254 Come Together
84%
300,394,183 Help!
81%
294,534,638 Something
79%
143,904,547 Yellow Submarine
79%
389,838,171 I Want To Hold Your Hand
78%
248,513,129 Eleanor Rigby
75%
206,990,493 A Hard Day's Night
74%
150,591,930 Penny Lane
74%
157,260,003 She Loves You
73%
124,798,505 A Day In The Life
72%
198,329,756 Strawberry Fields Forever
72%
434,806,377 Twist And Shout
72%
218,924,164 Love Me Do
69%
248,464,160 While My Guitar Gently Weeps
69%
412,905,204 Blackbird
68%
168,594,789 Get Back
68%
188,584,567 All You Need Is Love
64%
141,919,997 Eight Days A Week
63%
349,730,086 In My Life
63%
173,406,845 Lucy In The Sky With Diamonds
60%
151,005,911 Ticket To Ride
60%
152,037,095 Can't Buy Me Love
58%
110,875,652 Revolution
58%
113,358,272 The Long And Winding Road
58%
127,403,153 With A Little Help From My Friends
58%
126,479,186 Back In The USSR
57%
168,710,765 I Saw Her Standing There
57%
188,576,548 Norwegian Wood (This Bird Has Flown)
57%
154,459,211 All My Loving
55%
105,225,252 Drive My Car
54%
134,026,373 Michelle
54%
139,989,782 Hello, Goodbye
51%
130,404,327 Across The Universe
50%
166,730,892 Day Tripper
49%
154,521,056 Don't Let Me Down
47%
136,259,097 Oh! Darling
44%
167,223,148 And I Love Her
43%
238,386,875 Ob-La-Di, Ob-La-Da
43%
119,192,190 We Can Work It Out
43%
101,201,733 I Feel Fine
42%
105,712,875 Golden Slumbers
34%
117,110,061 You've Got To Hide Your Love Away
24%
No matching quizzes found
Score Distribution
Percent of People with Each Score
Percentile by Number Answered
Your Score History
You have not taken this quiz